Statistics for Bu Kitabı Kim Yazdı

Click here to take the quiz!

General Stats

  • This quiz has been taken 613 times
  • The average score is 5 of 24

Answer Stats

KitapYazar% Correct
1984George Orwell
85%
Anna KareninaLeo Tolstoy
71%
SefillerVictor Hugo
71%
HamletWilliam Shakespeare
47%
Don KişotMiguel de Cervantes
40%
İlyadaHomeros
32%
Gazap ÜzümleriJohn Steinbeck
21%
Büyük UmutlarCharles Dickens
16%
Silahlara VedaErnest Hemingway
16%
Sineklerin TanrısıWilliam Golding
15%
Uğultulu TepelerEmily Bronte
14%
Suç ve CezaFyodor Dostoyevsky
13%
Madam BovaryGustave Flaubert
12%
Muhteşem GatsbyF. Scott Fitzgerald
10%
Çavdar Tarlasında ÇocuklarJ.D. Salinger
7%
Güliver'in GezileriJonathan Swift
7%
Sırça FanusSylvia Plath
7%
Madde 22Joseph Heller
4%
LolitaVladimir Nabokov
4%
YoldaJack Kerouac
3%
Karanlığın YüreğiJoseph Conrad
3%
Canterbury HikâyeleriGeoffrey Chaucer
2%
Mezbaha 5Kurt Vonnegut
2%
Yerçekiminin GökkuşağıThomas Pynchon
2%

Score Distribution

Percentile by Number Answered

Percent of People with Each Score

Your Score History

You have not taken this quiz